Statystyki dla Niemieckie nazwy polskich miast (Polish cities' German names)

Kliknij tutaj aby rozwiązać quiz!

Ogólne statystyki

  • Ten quiz został rozwiązany 1 659 razy
  • Średni wynik to 5 z 20

Statystyki odpowiedzi

HintOdpowiedź% Poprawnych
GdańskDanzig
80%
WrocławBreslau
74%
WarszawaWarschau
67%
KrakówKrakau
65%
PoznańPosen
52%
SzczecinStettin
49%
ZgorzelecGörlitz
28%
KołobrzegKolberg
23%
OpoleOppeln
22%
KatowiceKattowitz
22%
OlsztynAllenstein
14%
LegnicaLiegnitz
11%
ElblągElbing
8%
ŚwinoujścieSwinemünde
8%
WałbrzychWaldenburg
6%
ŻagańSagan
4%
EłkLyck
4%
BolesławiecBunzlau
3%
KłodzkoGlatz
3%
NamysłówNamslau
2%

Rozkład punktacji

Percentyl według liczby udzielonych odpowiedzi

Procent ludzi z każdym wynikiem

Twoja historia wyników

Nie rozwiązałeś tego quizu